000 00958nam a2200229Ii 4500
003 JO-AjNU
008 230605s9999||||xx |||||||||||||| ||und||
017 _a2007/6/1905
020 _a978-9957-11-707-8
040 _aJO-AjNU
_bara
_erda
_cJO-AjNU
041 _aara
050 1 4 _aBP173.758.A2222 2008
100 3 _aعبد الله، خالد أمين ؛ م.مشارك: حسين سعيد سعيفان,
_eauthor
_928984
245 0 0 _aالعمليات المصرفية الإسلامية : الطرق المحاسبية الحديثة =Islamic Banking Operation : Modern Accounting Procedures
250 _aط1
264 3 1 _aعمان: دار وائل للنشر والتوزيع، 2008
300 _a664ص
_bيتضمن ببلوغرافيا ص659-664
336 _atext
_btxt
_2rdacontent
337 _aunmediated
_bn
_2rdamedia
338 _avolume
_bnc
_2rdacarrier
650 4 _aالاقتصاد الاسلامي- البنوك الاسلامية
_928985
999 _aA11311
_c14879
_d14879